000 00447nam a2200169Ia 4500
008 151213s9999 xx 000 0 und d
020 _a0-415-24778-0
082 _a194
_b194
100 _aBill Ashcroft, Pal Ahluwalia
245 _aEdward Said
_cBill Ashcroft, Pal Ahluwalia
260 _aNew York
_bRoutledge
_c2001
300 _a7146 p.
650 _aEnglish
650 _aEnglish
700 _aBill Ashcroft, Pal Ahluwalia
999 _c3789
_d3789